000 00654nam a2200217Ii 4500
003 JO-AjNU
008 230606s9999||||xx |||||||||||||| ||und||
020 _a978-1-492-05311-8
040 _aJO-AjNU
_beng
_erda
_cJO-AjNU
041 _aeng
050 1 4 _aQA76.9 2020
100 3 _aHoffman, Anderew,
_eauthor
_96687
245 0 0 _aWeb Application Security: Exploitation and Countermeasures for Modern Web Applications
250 _a1ed
264 3 1 _aTokyo: O.REILLY, 2020
300 _a298p
336 _atext
_btxt
_2rdacontent
337 _aunmediated
_bn
_2rdamedia
338 _avolume
_bnc
_2rdacarrier
650 4 _aWeb Application SecuritS
_96688
999 _aE3470
_c3464
_d3464